| 000 | 00702nam a2200193 a 4500 | ||
|---|---|---|---|
| 003 | CO-ViMGA | ||
| 008 | 090314s2008 sp a gr 00010 spa d | ||
| 020 | _a9788498351606 | ||
| 040 |
_aCO-ViMGA _bspa _cCO-ViMGA |
||
| 082 | 0 | 4 |
_a616.132 _bS81c _219 |
| 100 | 1 |
_aSuárez Fernández, Carmen. _97096 |
|
| 245 | 1 | 0 |
_aConvivir con la hipertensión / _cCarmen Suárez Fernández, Antonio Coca Payeras ; ilustraciones Javier Bejega. |
| 260 | 3 |
_aMadrid : _bEditorial Médica Panamericana, _c2008. |
|
| 300 |
_avi, 118 p. : _bil. ; _c20 cm. |
||
| 650 | 1 | 4 |
_aHipertensión _v Preguntas y respuestas. _97097 |
| 700 | 1 |
_aBejega, Javier, _eil. _95819 |
|
| 700 | 1 |
_aCoca Payeras, Antonio. _97098 |
|
| 942 |
_2ddc _cBK |
||
| 999 |
_c37656 _d37656 |
||